| 000 | 03560cam a2200373 i 4500 | ||
|---|---|---|---|
| 001 | 17261075 | ||
| 003 | EG-ScBUE | ||
| 005 | 20251210093234.0 | ||
| 008 | 120418s2013 enka f b 001 0 eng d | ||
| 020 | _a9781107005877 (hardback) | ||
| 040 |
_aEG-ScBUE _beng _erda _cEG-ScBUE _dEG-ScBUE |
||
| 082 | 0 | 4 |
_a548.8 _222 _bDEG |
| 100 | 1 |
_aDe Graef, Marc, _936964 _eauthor. |
|
| 245 | 1 | 0 |
_aStructure of materials : _ban introduction to crystallography, diffraction and symmetry / _cMarc De Graef, Carnegie Mellon University, Pittsburg, Michael E. McHenry, Carnegie Mellon University, Pittsburg. |
| 250 |
_aSecond edition, _bfully revised and updated. |
||
| 250 | _aThird printing. | ||
| 264 | 1 |
_aCambridge, United Kingdom : _bCambridge University Press, _c2013. |
|
| 300 |
_axxxii, 739 pages : _billustrations ; _c26 cm |
||
| 336 |
_2rdacontent _atext _btxt |
||
| 337 |
_aunmediated _2rdamedia _bn |
||
| 338 |
_avolume _bnc _2rdacarrier |
||
| 500 | _aReprint of the 2012 edition. | ||
| 504 | _aIncludes bibliographical references and index. | ||
| 505 | 8 | _aMachine generated contents note : 1. Materials and materials properties ; 2. The periodic table of the elements and interatomic bonds ; 3. What is a crystal structure ? ; 4. Crystallographic computations ; 5. Lattice planes ; 6. Reciprocal space ; 7. Additional crystallographic computations; 8. Symmetry in crystallography ; 9. Point groups ; 10. Plane groups and space groups; 11. X-ray diffraction: geometry; 12. X-ray diffraction: intensities ; 13. Other diffraction techniques ; 14. About crystal structures and diffraction patterns ; 15. Non-crystallographic point groups ; 16. Periodic and aperiodic tilings; 17. Metallic structures I : simple, derivative, and superlattice structures ; 18. Metallic structures II : complex geometrically determined structures ; 19. Metallic structures III : quasicrystals ; 20. Metallic structures IV : amorphous metals ; 21. Ceramic structures I : basic structure prototypes ; 22. Ceramic structures II: high temperature superconductors ; 23. Ceramic structures III : terrestrial and extraterrestrial minerals ; 24. Molecular solids and biological materials. | |
| 520 | _a"This highly readable, popular textbook for upper undergraduates and graduates comprehensively covers the fundamentals of crystallography and symmetry, applying these concepts to a large range of materials. New to this edition are more streamlined coverage of crystallography, additional coverage of magnetic point group symmetry and updated material on extraterrestrial minerals and rocks. New exercises at the end of chapters, plus over 500 additional exercises available online, allow students to check their understanding of key concepts and put into practice what they have learnt. Over 400 illustrations within the text help students visualise crystal structures and more abstract mathematical objects, supporting more difficult topics like point group symmetries. Historical and biographical sections add colour and interest by giving an insight into those who have contributed significantly to the field. Supplementary online material includes password-protected solutions, over 100 crystal structure data files, and Powerpoints of figures from the book"- | ||
| 650 | 7 |
_aCrystallography. _95843 _2BUEsh |
|
| 650 | 7 |
_aDiffraction. _97157 _2BUEsh |
|
| 650 | 7 |
_aSymmetry (Art) _96279 _2BUEsh |
|
| 650 | 7 |
_aMaterials science. _91255 _2BUEsh |
|
| 653 |
_bENGELC _cDecember2014 |
||
| 655 |
_vReading book _934232 |
||
| 700 | 1 |
_aMcHenry, Michael E., _936965 _eauthor. |
|
| 942 |
_2ddc _cBB |
||
| 999 |
_c18794 _d18766 |
||